| 000 | 01138nam a2200253Ia 4500 | ||
|---|---|---|---|
| 003 | Ost | ||
| 005 | 20260507075009.0 | ||
| 008 | 260507s9999||||xx |||||||||||||| ||und|| | ||
| 040 | _cfsecg | ||
| 041 | _aara | ||
| 082 | _a351 | ||
| 100 |
_aعربيات، ياسر أحمد _eمؤلف |
||
| 245 | 0 |
_aالمفاهيم الإدارية الحديثة / _c ياسر أحمد عربيات |
|
| 250 | _aطبعة 1 | ||
| 260 |
_aعمان: _bداريافا العلمية للنشر, _c2008 |
||
| 300 |
_a238 صفحة؛ _c24 سم |
||
| 504 | _aبيبليوغرافيا: ص. 233 | ||
| 520 | _aيضم الكتاب المدخل إلى علم الادارة ، تطور الفكر الاداري والمدارس الادارية ، التخطيط واتخاذ القرارات الادارية ، اتخاذ القرارات الادارية ، التنظيم ، السلطة والمسؤولية ، التوجيه والقيادة ، الحوافز ، الرقابة. | ||
| 653 | _aاتخاذ القررات | ||
| 653 | _aالادارة | ||
| 653 | _aالتخطيط | ||
| 653 | _aالرقابة الادارية | ||
| 942 | _cكتاب | ||
| 999 |
_c42140 _d42140 |
||